Reflexiones sobre la globalización : (Registro nro. 14365)

Detalles MARC
000 -LEADER
fixed length control field 01481nam a2200289 a 4500
001 - CONTROL NUMBER
control field
003 - CONTROL NUMBER IDENTIFIER
control field DO-SdBNP
005 - DATE AND TIME OF LATEST TRANSACTION
control field 20230301080040.0
007 - PHYSICAL DESCRIPTION FIXED FIELD--GENERAL INFORMATION
fixed length control field ta
008 - FIXED-LENGTH DATA ELEMENTS--GENERAL INFORMATION
fixed length control field 100818s1999 dr 000 0 spa d
040 ## - CATALOGING SOURCE
Original cataloging agency DO-SdBNP
Language of cataloging spa
Transcribing agency BPMSU
082 #4 - DEWEY DECIMAL CLASSIFICATION NUMBER
Classification number 337
Item number R332s 1999
Edition number 22
245 00 - TITLE STATEMENT
Title Reflexiones sobre la globalización :
Remainder of title retos y experiencias /
Statement of responsibility, etc. compilación José Manuel Guzmán Ibarra.
260 ## - PUBLICATION, DISTRIBUTION, ETC. (IMPRINT)
Place of publication, distribution, etc. Santo Domingo :
Name of publisher, distributor, etc. Oficina de Comunicación Económica,
Date of publication, distribution, etc. 1999.
300 ## - PHYSICAL DESCRIPTION
Extent 241 p. ;
Dimensions 23 cm.
504 ## - BIBLIOGRAPHY, ETC. NOTE
Bibliography, etc Incluye bibliografía y notas al pie de páginas.
505 0# - FORMATTED CONTENTS NOTE
Title Compitiendo en un mundo globalizado: experiencias latinoamericanas --
-- Iniciativas públicas para aprovechar la globalización --
-- La empresa frente a los retos de la Globalización --
-- La República Dominicana compitiendo en un mundo globalizado --
-- Intervenciones de los empresarios --
-- Intervenciones de los economistas --
-- La nueva generación de las reformas --
-- Aprovechando las luces de la globalización /
Statement of responsibility Leonel Fernández Reyna.
590 ## - LOCAL NOTE (RLIN)
Local note Inventariado, 2023/VM
650 #4 - SUBJECT ADDED ENTRY--TOPICAL TERM
Topical term or geographic name as entry element Globalización
General subdivision Aspectos sociales.
650 #4 - SUBJECT ADDED ENTRY--TOPICAL TERM
Topical term or geographic name as entry element Economía internacional
General subdivision Ensayos, conferencias, etc.
650 #4 - SUBJECT ADDED ENTRY--TOPICAL TERM
Topical term or geographic name as entry element Apertura económica
General subdivision Ensayos, conferencias, etc.
650 #4 - SUBJECT ADDED ENTRY--TOPICAL TERM
Topical term or geographic name as entry element Desarrollo sostenible
700 1# - ADDED ENTRY--PERSONAL NAME
Personal name Guzmán Ibarra, José Manuel,
Relator term comp.
710 2# - ADDED ENTRY--CORPORATE NAME
Corporate name or jurisdiction name as entry element Oficina de Comunicación Económica (República Dominicana)
910 ## - USER-OPTION DATA (OCLC)
User-option data VMateo V. Control de calidad (BPMSU)
942 ## - ADDED ENTRY ELEMENTS (KOHA)
Source of classification or shelving scheme Dewey Decimal Classification
Koha item type Libros
Existencias
Withdrawn status Lost status Source of classification or shelving scheme Damaged status Not for loan Collection code Home library Current library Date acquired Total Checkouts Full call number Barcode Date last seen Price effective from Koha item type Copy number
    Dewey Decimal Classification     Colección Dominicana Biblioteca Pública Metropolitana Salomé Ureña Biblioteca Pública Metropolitana Salomé Ureña 03/01/2023   BPMSU CD 337 R332s 1999 BPMSU23030001 03/01/2023 03/01/2023 Libros  
    Dewey Decimal Classification     Colección Dominicana Biblioteca Pública Metropolitana Salomé Ureña Biblioteca Pública Metropolitana Salomé Ureña 03/01/2023   BPMSU CD 337 R332s 1999 BPMSU23030002 03/01/2023 03/01/2023 Libros e.2
    Dewey Decimal Classification     Colección Dominicana Biblioteca Pública Metropolitana Salomé Ureña Biblioteca Pública Metropolitana Salomé Ureña 03/01/2023   BPMSU CD 337 R332s 1999 BPMSU23030003 03/01/2023 03/01/2023 Libros e.3